000
00311nam a22001337a 4500
008
180914b xxu||||| |||| 00| 0 eng d
020
_a
9780534515430
041
_a
eng
080
_a
575
100
_a
5
101
_a
BIO
245
_a
The Biochemistry Of Human Nutrition
_c
Gopper.S.s
942
_2
udc
_c
BK
999
_c
47753
_d
47753